Wird geladen...

Rule of law, human rights and judicial control of power: some reflections from national and international law

Bibliographische Detailangaben
1. Verfasser: Arnold, Rainer, Ed
Format: Printed Book
Veröffentlicht: Germany Springer 2017
LEADER 00447nam a22001097a 4500
082 |a 340.11  |b ARN.R 
100 |a Arnold, Rainer, Ed. 
245 |a Rule of law, human rights and judicial control of power: some reflections from national and international law 
260 |a Germany  |b Springer  |c 2017 
942 |c BK 
999 |c 21545  |d 21545 
952 |0 0  |1 0  |4 0  |6 340_110000000000000_ARN_R  |7 0  |9 24144  |a CAMPUS  |b CAMPUS  |d 2018-02-19  |l 0  |o 340.11 ARN.R  |p 25090  |r 2018-02-19  |w 2018-02-19  |y BK